| 000 | 00390nam a2200157Ia 4500 | ||
|---|---|---|---|
| 003 | OSt | ||
| 005 | 20240219145612.0 | ||
| 008 | 170523s9999 xx 000 0 und d | ||
| 020 | _a978-9350243039 | ||
| 040 | _ciimt university meerut | ||
| 100 | _aAVADHANI- VA | ||
| 245 | 0 | _aSECURITY ANALYSIS AND PORTFOLIO MANAGEMENT | |
| 260 | _bHIMALAYA PUBLICATION | ||
| 260 | _c1999 | ||
| 942 |
_2ddc _c02 |
||
| 999 |
_c497 _d497 |
||